The fortune at the Bottom of the Pyramid (Record no. 3002)

MARC details
000 -LEADER
fixed length control field 00418nam a22001697a 4500
005 - DATE AND TIME OF LATEST TRANSACTION
control field 20160617163138.0
008 - FIXED-LENGTH DATA ELEMENTS--GENERAL INFORMATION
fixed length control field 160617b xxu||||| |||| 00| 0 eng d
020 ## - INTERNATIONAL STANDARD BOOK NUMBER
ISBN 81-297-0712-8
041 ## - LANGUAGE CODE
Language code of text/sound track or separate title eng
082 ## - DEWEY DECIMAL CLASSIFICATION NUMBER
Item number 8033
100 ## - MAIN ENTRY--AUTHOR NAME
Personal name Prahalad, C.K.
245 ## - TITLE STATEMENT
Title The fortune at the Bottom of the Pyramid
260 ## - PUBLICATION, DISTRIBUTION, ETC. (IMPRINT)
Name of publisher Whadon School Publishing
Year of publication 2005
300 ## - PHYSICAL DESCRIPTION
Number of Pages 388
650 ## - SUBJECT ADDED ENTRY--TOPICAL TERM
Topical Term Management
942 ## - ADDED ENTRY ELEMENTS (KOHA)
Koha item type Books
Holdings
Lost status Damaged status Collection code Home library Current library Shelving location Date acquired Cost, normal purchase price Full call number Accession Number Koha item type
    LIFE SKILL JRU Library JRU Library SHELF-103-H 17/06/2016 499.00 8033 8033 Books